| 000 | 00721nam a2200241Ia 4500 | ||
|---|---|---|---|
| 008 | 160418s9999 xx 000 0 und d | ||
| 020 | _a971-08-6318-5 | ||
| 050 | _aFIL PL 6061 | ||
| 050 | _b.S56 2002 c.5 | ||
| 245 | _aSining ng pakikipagtalastasang panlipunan : | ||
| 245 | _b(pangkolehiyo) / | ||
| 245 | _cCarmelita Siazon-Lorenzo… [et al] | ||
| 250 | _aBinagong Edisyon | ||
| 260 | _aMandaluyong: | ||
| 260 | _bNational Book Store, | ||
| 260 | _c2002 | ||
| 300 | _a388 pages : | ||
| 300 | _billustrations ; | ||
| 300 | _c22 cm. | ||
| 500 | _aIncludes bibliographical references and index. | ||
| 650 | _aFilipino language -- Rhetoric. | ||
| 650 | _xFilipino language -- Composition and exercises. | ||
| 999 |
_c293522 _d293522 |
||